<?xml version="1.0" encoding="UTF-8"?>
<resp>
  <nextPage>https://data.bn.org.pl/api/networks/bibs.marcxml?marc=001+b0000640005535&amp;sinceId=640005536</nextPage>
  <collection>
    <record xmlns='http://www.loc.gov/MARC21/slim'><leader>01541nam a2200445 i 4500</leader><controlfield tag='001'>b0000640005535</controlfield><controlfield tag='005'>20241203214502.3</controlfield><controlfield tag='008'>190424s2016    pl a  a|||   |000 0 pol  </controlfield><controlfield tag='009'>9912861274905606</controlfield><datafield ind1=' ' ind2=' ' tag='020'><subfield code='a'>9788311151406</subfield></datafield><datafield ind1=' ' ind2=' ' tag='035'><subfield code='a'>RAD_1RAD_1_80633-48omnis_rad</subfield></datafield><datafield ind1=' ' ind2=' ' tag='035'><subfield code='a'>(ATEO_Group)RAD_1_80633</subfield></datafield><datafield ind1=' ' ind2=' ' tag='035'><subfield code='a'>MD..20180731142044014925.</subfield></datafield><datafield ind1=' ' ind2=' ' tag='035'><subfield code='a'>(PL)b0000640005535</subfield></datafield><datafield ind1=' ' ind2=' ' tag='040'><subfield code='a'>RADZYŃ 002</subfield><subfield code='c'>RADZYŃ 002</subfield></datafield><datafield ind1='1' ind2=' ' tag='100'><subfield code='a'>Molenda, Jarosław</subfield><subfield code='d'>(1965- )</subfield><subfield code='e'>Autor</subfield></datafield><datafield ind1='1' ind2='0' tag='245'><subfield code='a'>Historia używek /</subfield><subfield code='c'>Jarosław Molenda.</subfield></datafield><datafield ind1=' ' ind2=' ' tag='260'><subfield code='a'>Warszawa :</subfield><subfield code='b'>Bellona,</subfield><subfield code='c'>cop. 2017.</subfield></datafield><datafield ind1=' ' ind2=' ' tag='300'><subfield code='a'>334, [2] s., [32] s. tabl. :</subfield><subfield code='b'>il.;</subfield><subfield code='c'>21 cm.</subfield></datafield><datafield ind1=' ' ind2=' ' tag='336'><subfield code='a'>Tekst</subfield><subfield code='b'>txt</subfield><subfield code='2'>rdacontent</subfield></datafield><datafield ind1=' ' ind2=' ' tag='337'><subfield code='a'>Bez urządzenia pośredniczącego</subfield><subfield code='b'>n</subfield><subfield code='2'>rdamedia</subfield></datafield><datafield ind1=' ' ind2=' ' tag='338'><subfield code='a'>Wolumin</subfield><subfield code='b'>nc</subfield><subfield code='2'>rdacarrier</subfield></datafield><datafield ind1=' ' ind2=' ' tag='380'><subfield code='a'>Książki</subfield></datafield><datafield ind1=' ' ind2=' ' tag='500'><subfield code='a'>Na okładce podtytuł: Rośliny, które uzależniły człowieka.</subfield></datafield><datafield ind1=' ' ind2=' ' tag='504'><subfield code='a'>Bibliogr., netogr. na s. 329-335.</subfield></datafield><datafield ind1=' ' ind2='7' tag='650'><subfield code='a'>Rośliny</subfield><subfield code='x'>etnografia</subfield><subfield code='2'>JHP BN</subfield></datafield><datafield ind1=' ' ind2='7' tag='650'><subfield code='a'>Rośliny użytkowe</subfield><subfield code='2'>JHP BN</subfield></datafield><datafield ind1=' ' ind2='7' tag='650'><subfield code='a'>Narkotyki</subfield><subfield code='x'>historia</subfield><subfield code='2'>JHP BN</subfield></datafield><datafield ind1=' ' ind2='7' tag='650'><subfield code='a'>Uzależnienie (nałóg)</subfield><subfield code='2'>JHP BN</subfield></datafield><datafield ind1=' ' ind2='7' tag='655'><subfield code='a'>Wydawnictwa popularne</subfield><subfield code='2'>JHP BN</subfield></datafield><datafield ind1='2' ind2=' ' tag='710'><subfield code='a'>Dom Wydawniczy Bellona</subfield><subfield code='e'>Wydawca</subfield><subfield code='4'>pbl</subfield></datafield><datafield ind1=' ' ind2=' ' tag='852'><subfield code='b'>48OMNIS_NETWORK</subfield><subfield code='8'>9912861274905606</subfield></datafield><datafield ind1=' ' ind2=' ' tag='852'><subfield code='b'>48OMNIS_RAD</subfield><subfield code='8'>991000055359707910</subfield></datafield><datafield ind1=' ' ind2=' ' tag='920'><subfield code='a'>978-83-11-15140-6</subfield></datafield></record>
  </collection>
</resp>
